Guess the dead players in squid game season 2. - Statistics

General Stats
  • This quiz has been taken 317 times
  • The average score is 6 of 10
Answers on the Grid
Answers color-coded by a green-red scale on the quiz's grid according to % correct below.
Hwang Jun-ho
Seong Gi hun
Thanos
Nam Gyu
Se mi
Kang Mi na
Kang No eul
Player 145
Min su
Gyeong su
Jung bae
Yong sik
Hyun Ju
Young mi
Guem Ja
Jun hee
Player 308
Kang Dae Ho
Hwang In ho
player 444
Player 198
Lee Myung-gi
Player 100
Player 226
 
Answer Stats
Answer % Correct
Thanos
88%
Se mi
74%
Kang Mi na
66%
Jung bae
65%
Young mi
61%
Gyeong su
59%
player 444
57%
Player 145
53%
Player 198
50%
Player 308
50%
No matching quizzes found
Score Distribution
Percent of People with Each Score
Percentile by Number Answered
Your Score History
You have not taken this quiz